000 00469cam a2200181ua 4500
001 1539
008 110711n ii |||gr||||Z||||||eng
040 _cMAIN
082 _a338.9
100 1 _aGupta, K. R.,
_eAuthor.
245 1 _aEconomics of development and planning
_cby k. R. Gupta
250 _a3rd.
260 _aDelhi:
_bAtma ram & sons,977.
300 _aviii; 598p:
_c23cm.
653 _aEconomics
653 _aeconomic development and planning
942 _cBK
999 _c1427
_d1427